Tập làm văn Dùng cho sinh viên khoa Ngữ văn Cao đẳng

Uloženo v:
Podrobná bibliografie
Hlavní autor: Nguyễn Công Lý
Médium: Kniha
Jazyk:Undetermined
Vydáno: Đà Nẵng Nxb. Đà Nẵng 1997
Témata:
Tagy: Přidat tag
Žádné tagy, Buďte první, kdo otaguje tento záznam!
Thư viện lưu trữ: Trung tâm Học liệu Trường Đại học Cần Thơ
LEADER 00605nam a2200181Ia 4500
001 CTU_28081
008 210402s9999 xx 000 0 und d
082 |a 807 
082 |b L600 
100 |a Nguyễn Công Lý 
245 0 |a Tập làm văn 
245 0 |b Dùng cho sinh viên khoa Ngữ văn Cao đẳng 
245 0 |c Nguyễn Công Lý 
260 |a Đà Nẵng 
260 |b Nxb. Đà Nẵng 
260 |c 1997 
650 |a literature - study and teaching ( secondary ),rhetoric - study and teaching ( secondary ) 
980 |a Trung tâm Học liệu Trường Đại học Cần Thơ